Vplyv pandémie COVID-19 na verejné financie vo vybraných krajinách a na Slovensku bakalárska práca

Gespeichert in:
Bibliographische Detailangaben
1. Verfasser: Mikulajová, Kristína
Körperschaft: Národohospodárska fakulta EU. Katedra financií
Weitere Verfasser: Neubauerová, Erika, 1968-
Format: Buch
Sprache:Slowakisch
Veröffentlicht: Bratislava 2023
Tags: Tag hinzufügen
Keine Tags, Fügen Sie das erste Tag hinzu!

MARC

LEADER 00000nbm a2200000 4500
001 0294664
005 20231114112155.4
041 0 |a slo 
044 |a SK 
245 1 0 |a Vplyv pandémie COVID-19 na verejné financie vo vybraných krajinách a na Slovensku  |b bakalárska práca  |c Kristína Mikulajová ; školiteľ: Erika Neubauerová 
264 1 |a Bratislava  |c 2023 
300 |a 49 s. 
100 1 |a Mikulajová, Kristína 
700 1 |a Neubauerová, Erika, 1968- 
710 2 |a Národohospodárska fakulta EU. Katedra financií